Fontamara (Record no. 105815)

MARC details
000 -LEADER
campo de control de longitud fija 00683nam a2200217 i 4500
001 - NÚMERO DE CONTROL
campo de control 105815
003 - IDENTIFICADOR DE NÚMERO DE CONTROL
campo de control ES-MaACL
007 - CAMPO FIJO DE DESCRIPCIÓN FÍSICA--INFORMACIÓN GENERAL
campo de control de longitud fija t|
008 - DATOS DE LONGITUD FIJA--INFORMACIÓN GENERAL
campo de control de longitud fija 060830s1949 it ||||1| ita d
080 ## - NÚMERO DE LA CLASIFICACIÓN DECIMAL UNIVERSAL
Número de la Clasificación Decimal Universal 821.131.1-31"19"
100 1# - ENTRADA PRINCIPAL--NOMBRE DE PERSONA
Nombre de persona Silone, Ignazio.
9 (RLIN) 106355
245 10 - MENCIÓN DEL TÍTULO
Título Fontamara
Resto del título : romanzo /
Mención de responsabilidad, etc. di Ignazio Silone.
260 ## - PUBLICACIÓN, DISTRIBUCIÓN, ETC.
Lugar de publicación, distribución, etc. [S.l.] :
Nombre del editor, distribuidor, etc. Arnoldo Mondadori,
Fecha de publicación, distribución, etc. 1949.
300 ## - DESCRIPCIÓN FÍSICA
Extensión 197 p. ;
Dimensiones 20 cm.
490 1# - MENCIÓN DE SERIE
Mención de serie La medusa degli italiani ;
Designación de volumen o secuencia 20
500 ## - NOTA GENERAL
Nota general Biblioteca Juan Andrade.
830 0# - PUNTO DE ACCESO ADICIONAL DE SERIE-TÍTULO UNIFORME
Título uniforme La medusa degli italiani ;
Designación de volumen o secuencia 20
9 (RLIN) 226651
852 ## - LOCALIZACIÓN
Ubicación ES-MaACL
Número de control de estantería AND-637
Sublocalización o colección R.109935
condición física . - Ded. autógr. del autor
852 ## - LOCALIZACIÓN
Ubicación ES-MaACL
Número de control de estantería D-5514
Sublocalización o colección R.29910
Holdings
Estatus retirado Estado de pérdida Fuente del sistema de clasificación o colocación Estado de daño No para préstamo Biblioteca de origen Biblioteca actual Ubicación en estantería Fecha de adquisición Número de inventario Total de préstamos Signatura topográfica completa Código de barras Visto por última vez Precio de reemplazo Tipo de ítem Koha Nota pública Restricciones de uso
    Clasificación decimal universal     Biblioteca del Ateneo de Madrid Biblioteca del Ateneo de Madrid Depósito 2 17/01/2008 R.109935   AND-637 1110473 23/02/2023 23/02/2023 Libro impreso Dedicatoria autógrafa del autor.  
    Clasificación decimal universal     Biblioteca del Ateneo de Madrid Biblioteca del Ateneo de Madrid Sala Valle Inclán 17/01/2008 R.29910   D-5514 901150308 23/02/2023 23/02/2023 Libro impreso   Duplicado